[Event "BIH-chT 20th"]
[Site "Neum"]
[Date "2022.09.16"]
[Round "7.4"]
[White "Simeunovic, Zoran"]
[Black "Avdic, Mirza"]
[Result "0-1"]
[WhiteElo "1739"]
[BlackElo "2016"]
[PlyCount "66"]
[EventDate "2022.09.10"]
[EventType "team-tourn"]
[EventRounds "9"]
[EventCountry "BIH"]
[SourceTitle "CBM 210 Extra"]
[Source "ChessBase"]
[SourceDate "2022.11.30"]
[SourceVersion "1"]
[SourceVersionDate "2022.11.30"]
[SourceQuality "1"]
[WhiteTeam "Brcko Jedinstvo"]
[BlackTeam "Busovaca Hrasno"]
[WhiteTeamCountry "BIH"]
[BlackTeamCountry "BIH"]

1. d4 Nf6 2. c4 c5 3. e3 g6 4. Nf3 Bg7 5. Bd3 0-0 6. 0-0 cxd4 7. exd4 d5 8. c5 Nc6 9. h3 Ne4 10. Bc2 f5 11. Nc3 Kh8 12. Ba4 f4 13. Re1 Bf5 14. Bxc6 bxc6 15. Nh4 Nxc3 16. bxc3 e5 17. Nxf5 Rxf5 18. f3 Qa5 19. Bb2 Rb8 20. Qc2 Qb5 21. Rab1 Qc4 22. Ba1 Rff8 23. Rxb8 Rxb8 24. Qd2 Re8 25. Qe2 Qxe2 26. Rxe2 Rb8 27. Bb2 exd4 28. Rc2 Kg8 29. Kf1 dxc3 30. Ba3 Rb2 31. Rc1 Rxa2 32. Bb4 d4 33. h4 a5 0-1

[Event "Novi Sad Dani Petrovec"]
[Site "Novi Sad"]
[Date "2022.05.05"]
[Round "5"]
[White "Avdic, Mirza"]
[Black "Drazic, Sinisa"]
[Result "1/2-1/2"]
[WhiteElo "2185"]
[BlackElo "2327"]
[PlyCount "29"]
[EventDate "2022.05.03"]
[EventType "tourn"]
[EventRounds "9"]
[EventCountry "SRB"]
[SourceTitle "CBM 208 Extra"]
[Source "ChessBase"]
[SourceDate "2022.07.31"]
[SourceVersion "1"]
[SourceVersionDate "2022.07.31"]
[SourceQuality "1"]

1. e4 b6 2. d4 Bb7 3. Nd2 e6 4. Ngf3 g6 5. Bd3 Bg7 6. c3 Ne7 7. h4 h6 8. Qe2 c5 9. Nf1 d5 10. e5 a5 11. Bf4 Ba6 12. Bb5+ Nec6 13. 0-0-0 Qd7 14. Kb1 Bxb5 15. Qxb5 1/2-1/2

[Event "Novi Sad Dani Petrovec"]
[Site "Novi Sad"]
[Date "2022.05.04"]
[Round "3"]
[White "Avdic, Mirza"]
[Black "Rosh, Jain"]
[Result "0-1"]
[WhiteElo "2185"]
[BlackElo "2221"]
[PlyCount "56"]
[EventDate "2022.05.03"]
[EventType "tourn"]
[EventRounds "9"]
[EventCountry "SRB"]
[SourceTitle "CBM 208 Extra"]
[Source "ChessBase"]
[SourceDate "2022.07.31"]
[SourceVersion "1"]
[SourceVersionDate "2022.07.31"]
[SourceQuality "1"]

1. e4 e5 2. f4 d5 3. exd5 exf4 4. Nf3 Nf6 5. Bc4 c6 6. dxc6 Nxc6 7. 0-0 Bc5+ 8. Kh1 0-0 9. c3 Bg4 10. d4 Bd6 11. Nbd2 Qa5 12. Be2 Qh5 13. Nc4 Bc7 14. a4 Rfe8 15. Bd3 Nd5 16. h3 Bxh3 17. gxh3 Qxh3+ 18. Nh2 f3 19. Rf2 Bg3 20. Bf1 Qh4 21. Bg5 Qxg5 22. Rxf3 Qh4 23. Qc2 Re6 24. Qg2 Rg6 25. Bd3 Rg5 26. Rg1 Nf4 27. Qd2 Bxh2 28. Qxh2 Rh5 0-1

[Event "BIH-chT2 27th"]
[Site "Lukavac"]
[Date "2020.11.01"]
[Round "4.1"]
[White "Avdic, Mirza"]
[Black "Dugonjic, Dragan"]
[Result "1/2-1/2"]
[WhiteElo "2166"]
[BlackElo "2034"]
[PlyCount "32"]
[EventDate "2020.10.30"]
[EventType "team-tourn"]
[EventRounds "5"]
[EventCountry "BIH"]
[SourceTitle "CBM 199 Extra"]
[Source "ChessBase"]
[SourceDate "2021.01.31"]
[SourceVersion "1"]
[SourceVersionDate "2021.01.31"]
[SourceQuality "1"]
[WhiteTeam "Cazin Ljiljan"]
[BlackTeam "Gnojnica"]
[WhiteTeamCountry "BIH"]
[BlackTeamCountry "BIH"]

1. e4 c6 2. d3 d5 3. Nd2 g6 4. g3 Bg7 5. Bg2 e6 6. Ngf3 Ne7 7. 0-0 0-0 8. Re1 Nd7 9. Qe2 b6 10. h4 Nf6 11. e5 Nd7 12. Nf1 c5 13. Bf4 Bb7 14. c4 Re8 15. N1h2 d4 16. Qd2 Nf5 1/2-1/2

[Event "BIH-chT1A 22nd"]
[Site "Tuzla"]
[Date "2015.10.19"]
[Round "6.1"]
[White "Avdic, Adnan"]
[Black "Avdic, Mirza"]
[Result "1-0"]
[WhiteElo "2268"]
[BlackElo "2221"]
[PlyCount "149"]
[EventDate "2015.10.16"]
[EventType "tourn"]
[EventRounds "9"]
[EventCountry "BIH"]
[SourceTitle "CBM 169 Extra"]
[Source "ChessBase"]
[SourceDate "2015.12.18"]
[SourceVersion "1"]
[SourceVersionDate "2015.12.18"]
[SourceQuality "1"]

1. e4 c5 2. Nf3 e6 3. d4 cxd4 4. Nxd4 a6 5. c4 Nf6 6. Nc3 Qc7 7. Be2 b6 8. 0-0 Bb7 9. Qc2 d6 10. Be3 Nbd7 11. f3 Be7 12. Rad1 0-0 13. Rf2 Rac8 14. Bf1 Ne5 15. Na4 Nfd7 16. b3 Rfe8 17. Qb1 Qb8 18. Rc2 Bd8 19. Qc1 Bc7 20. Qd2 Ng6 21. g3 h6 22. Qf2 Rcd8 23. Nc3 Nf6 24. Rcd2 d5 25. cxd5 exd5 26. Nxd5 Nxd5 27. exd5 Rxd5 28. f4 Rdd8 29. Rc1 Ne7 30. Rdc2 Bd6 31. Nf3 b5 32. Bc5 Nf5 33. Bxd6 Nxd6 34. Ne5 Ne4 35. Qb6 Rd6 36. Nc6 Bxc6 37. Qxb8 Rxb8 38. Rxc6 Rbd8 39. a4 Nd2 40. axb5 axb5 41. Rxd6 Rxd6 42. Bxb5 Nxb3 43. Rc8+ Kh7 44. Bc4 Nd4 45. Bxf7 Rd7 46. Bc4 g6 47. g4 Nf3+ 48. Kg2 Nd4 49. h4 Kg7 50. Kf2 Re7 51. Rg8+ Kh7 52. Rd8 Nc2 53. Bd3 Ne3 54. Kf3 Kg7 55. Rd6 Nd1 56. Bxg6 Re3+ 57. Kg2 Re1 58. h5 Nc3 59. g5 Re7 60. Bd3 Na4 61. Rxh6 Re3 62. Rh7+ Kg8 63. Ra7 Rxd3 64. Rxa4 Kg7 65. Ra7+ Kg8 66. h6 Kh8 67. g6 Rd8 68. Kf3 Re8 69. f5 Rb8 70. f6 Rb3+ 71. Ke4 Rb4+ 72. Kd5 Rb5+ 73. Kc6 Rb8 74. Rh7+ Kg8 75. f7+ 1-0

[Event "BIH-chT1A 22nd"]
[Site "Tuzla"]
[Date "2015.10.17"]
[Round "2.1"]
[White "Mrndjic, Muamer"]
[Black "Avdic, Mirza"]
[Result "1-0"]
[WhiteElo "2224"]
[BlackElo "2221"]
[PlyCount "281"]
[EventDate "2015.10.16"]
[EventType "tourn"]
[EventRounds "9"]
[EventCountry "BIH"]
[SourceTitle "CBM 169 Extra"]
[Source "ChessBase"]
[SourceDate "2015.12.18"]
[SourceVersion "1"]
[SourceVersionDate "2015.12.18"]
[SourceQuality "1"]

1. d4 Nf6 2. Nf3 g6 3. c4 Bg7 4. Nc3 0-0 5. e4 d6 6. Bd3 Nc6 7. d5 Nb4 8. Be2 c5 9. 0-0 e5 10. a3 Na6 11. Ne1 Ne8 12. Be3 f5 13. f3 f4 14. Bf2 g5 15. g4 h5 16. h3 Nf6 17. Nd3 Kf7 18. Kg2 Rh8 19. Rh1 Rh6 20. b4 b6 21. Rb1 Qh8 22. bxc5 Nxc5 23. Nxc5 dxc5 24. a4 Bd7 25. a5 Rb8 26. axb6 axb6 27. Qb3 hxg4 28. hxg4 Rxh1 29. Rxh1 Qc8 30. Nb5 Bxb5 31. Qxb5 Bf8 32. Ra1 Qc7 33. Be1 Bd6 34. Ra6 Kg6 35. Kf2 Rb7 36. Bc3 Rb8 37. Ke1 Kf7 38. Kd2 Ke7 39. Bd1 Rb7 40. Ba4 Rb8 41. Qb1 Qb7 42. Bb5 Ra8 43. Rxa8 Qxa8 44. Bc6 Qb8 45. Qh1 Qg8 46. Qa1 Qb8 47. Qa6 Qc7 48. Bb7 Ne8 49. Bc8 Nf6 50. Bf5 Kf8 51. Qa8+ Qb8 52. Qa6 Ke7 53. Kc2 Qc7 54. Qa1 Kf8 55. Kb3 Qb8 56. Qa6 Ke7 57. Kc2 Qc7 58. Qa8 Qb8 59. Qa1 Kf8 60. Be6 Kg7 61. Qa4 Kf8 62. Kb3 Ke7 63. Qa6 Kf8 64. Bc8 Ne8 65. Bb7 Qc7 66. Bc6 Qb8 67. Qa1 Nf6 68. Qa4 Ke7 69. Qa6 Kf7 70. Ka4 Ne8 71. Bb7 Bc7 72. Bc6 Bd6 73. Bxe8+ Qxe8+ 74. Qb5 Qa8+ 75. Kb3 Qb8 76. Qd7+ Kf8 77. Qf5+ Ke8 78. Qxg5 b5 79. Qg8+ Bf8 80. Qe6+ Be7 81. Qc6+ Kf7 82. cxb5 Qa7 83. d6 Bd8 84. Qd5+ Kf8 85. Qxe5 c4+ 86. Kxc4 Qa2+ 87. Kd3 Qb1+ 88. Kc4 Qa2+ 89. Kd3 Qb1+ 90. Kd2 Qa2+ 91. Kc1 Qa3+ 92. Kd1 Qb3+ 93. Kc1 Qa3+ 94. Kd2 Qa2+ 95. Bb2 Ba5+ 96. Kd3 Qb3+ 97. Bc3 Qd1+ 98. Kc4 Qa4+ 99. Kc5 Qa3+ 100. Kc6 Bxc3 101. Qxf4+ Kg7 102. Qg5+ Kh7 103. Qf5+ Kg7 104. b6 Bd4 105. Qb5 Be3 106. b7 Qc3+ 107. Kd7 Ba7 108. b8Q Bxb8 109. Qxb8 Qxf3 110. Qb2+ Kh7 111. Qe5 Qb3 112. Qe7+ Kh8 113. Qf8+ Kh7 114. Qf5+ Kh8 115. Ke7 Qf7+ 116. Kd8 Qg8+ 117. Kc7 Qc4+ 118. Kb6 Qb4+ 119. Kc6 Qc4+ 120. Qc5 Qxe4+ 121. Kc7 Qxg4 122. d7 Qf4+ 123. Kc8 Qg4 124. Qc7 Qe6 125. Kb7 Qb3+ 126. Qb6 Qd5+ 127. Kc8 Qc4+ 128. Qc7 Qe6 129. Qc3+ Kg8 130. Kc7 Qe7 131. Qg3+ Kh8 132. Qd6 Qf7 133. Qh6+ Kg8 134. Kd6 Qe7+ 135. Kc7 Qc5+ 136. Qc6 Qa5+ 137. Kc8 Qf5 138. Kb7 Qf7 139. Kc7 Kh8 140. Qe4 Kg7 141. Kc8 1-0

[Event "BIH-chT 14th"]
[Site "Prijedor"]
[Date "2015.09.05"]
[Round "1.1"]
[White "Avdic, Mirza"]
[Black "Drasko, Milan"]
[Result "1/2-1/2"]
[WhiteElo "2213"]
[BlackElo "2446"]
[PlyCount "86"]
[EventDate "2015.09.05"]
[EventType "team-tourn"]
[EventRounds "9"]
[EventCountry "BIH"]
[SourceTitle "EXT 2016"]
[Source "ChessBase"]
[SourceDate "2015.10.08"]
[SourceVersion "1"]
[SourceVersionDate "2015.10.08"]
[SourceQuality "1"]
[WhiteTeam "Bihac"]
[BlackTeam "Sarajevo Bosna"]
[WhiteTeamCountry "BIH"]
[BlackTeamCountry "BIH"]

1. e4 e6 2. d4 d5 3. Nc3 Bb4 4. exd5 exd5 5. Qf3 c6 6. Bd3 Qf6 7. Qxf6 Nxf6 8. Nge2 b6 9. a3 Bxc3+ 10. Nxc3 Ba6 11. Bxa6 Nxa6 12. Bg5 Nd7 13. 0-0 Nc7 14. Rfe1+ Ne6 15. f3 0-0 16. Be3 h5 17. h4 g6 18. Rad1 Rfe8 19. Bf2 f6 20. Ne2 b5 21. Nc1 a5 22. Nd3 Kf7 23. Kf1 Nb6 24. Re2 Nc4 25. Rde1 Ng7 26. Rxe8 Rxe8 27. Rxe8 Kxe8 28. Ke2 Nf5 29. c3 a4 30. Be1 Kf7 31. Bf2 Ke7 32. Be1 g5 33. hxg5 fxg5 34. g4 Ng7 35. gxh5 Nxh5 36. Bd2 Kf6 37. Bc1 Ng3+ 38. Kf2 Nf5 39. Nb4 Ne7 40. Ke2 Kf5 41. Nd3 Ng6 42. Nb4 Na5 43. Nd3 Nc4 1/2-1/2

[Event "Lukavac op 1st"]
[Site "Lukavac"]
[Date "2012.11.26"]
[Round "7"]
[White "Avdic, Mirza"]
[Black "Husic, Hajrudin"]
[Result "1-0"]
[WhiteElo "2274"]
[BlackElo "1978"]
[PlyCount "43"]
[EventDate "2012.11.23"]
[EventType "swiss"]
[EventRounds "7"]
[EventCountry "BIH"]
[SourceTitle "CBM 151 Extra"]
[Source "ChessBase"]
[SourceDate "2012.12.18"]
[SourceVersion "1"]
[SourceVersionDate "2012.12.18"]
[SourceQuality "1"]

1. e4 d6 2. d4 g6 3. Nc3 Bg7 4. Be3 Nf6 5. Qd2 Nc6 6. f3 e5 7. Nge2 exd4 8. Nxd4 Nxd4 9. Bxd4 0-0 10. 0-0-0 Qe7 11. g4 h5 12. g5 Ne8 13. Nd5 Qd8 14. Bxg7 Kxg7 15. Qc3+ Kh7 16. h4 c6 17. Nf6+ Nxf6 18. gxf6 Be6 19. Kb1 Qc7 20. f4 Bg4 21. Rd2 Bf3 22. Qxf3 1-0

[Event "Lukavac op 1st"]
[Site "Lukavac"]
[Date "2012.11.26"]
[Round "6"]
[White "Bucan, Eldin"]
[Black "Avdic, Mirza"]
[Result "1-0"]
[WhiteElo "2157"]
[BlackElo "2274"]
[PlyCount "147"]
[EventDate "2012.11.23"]
[EventType "swiss"]
[EventRounds "7"]
[EventCountry "BIH"]
[SourceTitle "CBM 151 Extra"]
[Source "ChessBase"]
[SourceDate "2012.12.18"]
[SourceVersion "1"]
[SourceVersionDate "2012.12.18"]
[SourceQuality "1"]

1. e4 c5 2. Nf3 a6 3. c4 Nc6 4. d4 cxd4 5. Nxd4 g6 6. Nc3 Bg7 7. Be3 Nf6 8. Be2 0-0 9. 0-0 d6 10. a3 Bd7 11. Rc1 Rc8 12. b4 Ne5 13. Qb3 Neg4 14. Bxg4 Nxg4 15. Nce2 e5 16. Nf3 h6 17. Rfd1 Be6 18. Qd3 Nxe3 19. fxe3 Qb6 20. Rc3 Rfd8 21. Nd2 Bf6 22. Nc1 Qc6 23. Ncb3 Qa4 24. Rf1 Be7 25. Nc1 b5 26. Ne2 a5 27. cxb5 axb4 28. axb4 Qxb4 29. Rb1 Qa4 30. Ra3 Qc2 31. b6 d5 32. Qxc2 Rxc2 33. Rd3 dxe4 34. Rxd8+ Bxd8 35. b7 Bc7 36. b8Q+ Bxb8 37. Rxb8+ Kg7 38. Rd8 f5 39. Kf2 Kf6 40. Nf1 g5 41. Rd2 Rc4 42. Rb2 f4 43. Nd2 Ra4 44. Nc3 Ra6 45. Ncxe4+ Kf5 46. Nc5 fxe3+ 47. Kxe3 Ra3+ 48. Kf2 Bd5 49. Nb7 Ra2 50. Rxa2 Bxa2 51. Nd6+ Kf4 52. h3 e4 53. N6xe4 h5 54. Nf6 Bf7 55. g3+ Ke5 56. Nfe4 h4 57. g4 Kf4 58. Nxg5 Kxg5 59. Nf3+ Kf4 60. Nxh4 Be6 61. Ng2+ Ke4 62. Kg3 Ke5 63. h4 Ba2 64. h5 Bb1 65. Kh4 Be4 66. Ne3 Kf4 67. Nc4 Bd3 68. Nb2 Be4 69. g5 Ke5 70. Nc4+ Kd5 71. g6 Kxc4 72. Kg5 Kd5 73. h6 Bxg6 74. Kxg6 1-0

[Event "Stara Pazova op"]
[Site "Stara Pazova"]
[Date "2010.08.05"]
[Round "6"]
[White "Avdic, Mirza"]
[Black "Indjic, Dusan"]
[Result "1-0"]
[WhiteElo "2282"]
[BlackElo "2329"]
[PlyCount "87"]
[EventDate "2010.08.01"]
[EventType "swiss"]
[EventRounds "10"]
[EventCountry "YUG"]
[SourceTitle "CBM 137 Extra"]
[Source "ChessBase"]
[SourceDate "2010.09.01"]
[SourceVersion "1"]
[SourceVersionDate "2010.09.01"]
[SourceQuality "1"]

1. e4 c5 2. Nf3 Nc6 3. d4 cxd4 4. Nxd4 Nf6 5. Nxc6 bxc6 6. Bd3 e5 7. 0-0 Be7 8. c4 0-0 9. Nc3 d6 10. h3 Be6 11. Qe2 Nd7 12. Be3 Bg5 13. Rfd1 Bxe3 14. Qxe3 Qc7 15. Bf1 Rfd8 16. Rd2 a5 17. Na4 Rab8 18. Rad1 Nf8 19. b3 f6 20. Nc3 Rd7 21. c5 Rbd8 22. cxd6 Rxd6 23. Rxd6 Rxd6 24. Rxd6 Qxd6 25. Qb6 h5 26. Nd5 Kh7 27. Ne3 Qd2 28. Qc5 Ng6 29. Qxc6 Nf4 30. Qc2 Qe1 31. Qd1 Qxd1 32. Nxd1 Bd7 33. Bc4 h4 34. Nc3 Kh6 35. a3 Kg5 36. b4 axb4 37. axb4 Ne6 38. Bxe6 Bxe6 39. f3 f5 40. Kf2 f4 41. b5 Bd7 42. b6 Bc6 43. Na4 Kf6 44. Nc5 1-0